Los Amos de Curtidores (Record no. 115453)

MARC details
000 -LEADER
campo de control de longitud fija 00747nam a2200217 i 4500
001 - NÚMERO DE CONTROL
campo de control 115453
003 - IDENTIFICADOR DE NÚMERO DE CONTROL
campo de control ES-MaACL
005 - FECHA Y HORA DE LA ÚLTIMA TRANSACCIÓN
campo de control 20250825062558.0
007 - CAMPO FIJO DE DESCRIPCIÓN FÍSICA--INFORMACIÓN GENERAL
campo de control de longitud fija t|
008 - DATOS DE LONGITUD FIJA--INFORMACIÓN GENERAL
campo de control de longitud fija 070309s1930 sp ||||1| spa d
080 ## - NÚMERO DE LA CLASIFICACIÓN DECIMAL UNIVERSAL
Número de la Clasificación Decimal Universal 821.134.2-22"19"
100 1# - ENTRADA PRINCIPAL--NOMBRE DE PERSONA
Nombre de persona Gorbea Lemmi, Eusebio de.
9 (RLIN) 59131
245 14 - MENCIÓN DEL TÍTULO
Título Los Amos de Curtidores
Resto del título : comedia popular madrileña en tres actos /
Mención de responsabilidad, etc. Eusebio de Gorbea.
260 ## - PUBLICACIÓN, DISTRIBUCIÓN, ETC.
Lugar de publicación, distribución, etc. Madrid :
Nombre del editor, distribuidor, etc. Prensa Moderna,
Fecha de publicación, distribución, etc. 1930.
300 ## - DESCRIPCIÓN FÍSICA
Extensión 81 p. ;
Dimensiones 17 cm.
490 1# - MENCIÓN DE SERIE
Mención de serie El Teatro moderno ;
Designación de volumen o secuencia 246
500 ## - NOTA GENERAL
Nota general Estrenada en el Teatro de la Latina, por la Compañía de Concha Olona, el 25 de abril de 1930.
830 03 - PUNTO DE ACCESO ADICIONAL DE SERIE-TÍTULO UNIFORME
Título uniforme El teatro moderno (Prensa Moderna)
Designación de volumen o secuencia 246
9 (RLIN) 182365
852 ## - LOCALIZACIÓN
Ubicación ES-MaACL
Número de control de estantería C-13102
Holdings
Estatus retirado Estado de pérdida Estado de daño No para préstamo Biblioteca de origen Biblioteca actual Ubicación en estantería Fecha de adquisición Fuente de adquisición Total de préstamos Signatura topográfica completa Código de barras Visto por última vez Precio de reemplazo Tipo de ítem Koha
        Biblioteca del Ateneo de Madrid Biblioteca del Ateneo de Madrid Sala Palomar 17/01/2008     C-13102 1120378 23/02/2023 23/02/2023 Libro impreso